000 00973nam a2200301Ia 4500
003 OSt
005 20221006155945.0
006 a|||||r|||| 00| 0
007 ta
008 221006b |||||||| |||| 00| 0 eng d
020 _a9780415782975
_c
_135.00
024 _a43,937
037 _bGift, Korean Embassy (Window on Korea)
_cTextual
040 _aEASL
_cEASL
_beng
041 _2eng
_aeng
082 _aV4952:1973,(zP), Q2
100 _aDiFilippo Anthony
_9577756
245 0 _aUS-Japan-North Korea security relations
_b Irrepressible interests
260 _aLondon
_bRoutledge
_c2012
300 _a248p.
_ccm.
490 _v KEL
650 _a Japan-military relaions
_9671224
650 _a Korea-Military relations
_9671225
650 _a United States-Military relations
_9671226
650 _aKEL
942 _hV4952:1973,(zP), Q2
_cTEXL
_2CC
999 _c1112029
_d1112029